000 00690nam a2200289Ia 4500
005 20260324120935.0
008 008 260324s9999 xx 000 0 eng d
020 _a9781315794549
037 _aEBOOK
040 _aCRL
040 _beng
040 _cCRL
041 _2eng
041 _aeng
084 _qCRL
100 _aAndrew P. Wickens
_91160562
245 2 _aA History of the Brain
245 0 _bFrom Stone Age surgery to modern neuroscience
260 _bTaylor and Francis
260 _c2014
365 _a
365 _b240
856 _uhttp://www.taylorfrancis.com/books/9781315794549
942 _cEBOOK
999 _c1752363
_d1752363